DIAGNOSTIC AND STATISTICAL MANUAL OF MENTAL DISORDERS (Record no. 58986)
[ view plain ]
| 000 -LEADER | |
|---|---|
| fixed length control field | 00365nam a22001457a 4500 |
| 008 - FIXED-LENGTH DATA ELEMENTS--GENERAL INFORMATION | |
| fixed length control field | 221121b ||||| |||| 00| 0 eng d |
| 020 ## - INTERNATIONAL STANDARD BOOK NUMBER | |
| International Standard Book Number | 9780890425558 |
| 041 ## - LANGUAGE CODE | |
| Language code of text/sound track or separate title | eng |
| 080 ## - UNIVERSAL DECIMAL CLASSIFICATION NUMBER | |
| Edition identifier | FIFTH EDITION |
| Universal Decimal Classification number | 159.9 |
| 082 ## - DEWEY DECIMAL CLASSIFICATION NUMBER | |
| Classification number | 159.9 JES |
| 100 ## - Rafti | |
| Rafti | 25 |
| 101 ## - Shkurtesa | |
| Shkurtesa | PSI |
| 245 ## - TITLE STATEMENT | |
| Title | DIAGNOSTIC AND STATISTICAL MANUAL OF MENTAL DISORDERS |
| Statement of responsibility, etc | JESTE V.D |
| 942 ## - ADDED ENTRY ELEMENTS (KOHA) | |
| Source of classification or shelving scheme | |
| Item type | Books |
| Withdrawn status | Lost status | Source of classification or shelving scheme | Damaged status | Not for loan | Collection code | Permanent location | Current location | Date acquired | Total Checkouts | Full call number | Barcode | Date last seen | Price effective from | Koha item type |
|---|---|---|---|---|---|---|---|---|---|---|---|---|---|---|
| Koleksioni i përgjithshem | UBT - Lipjan | UBT - Lipjan | 11/21/2022 | 159.9 JES | 002-800028700260793 | 11/21/2022 | 11/21/2022 | Books | ||||||
| Koleksioni i përgjithshem | UBT - Lipjan | UBT - Lipjan | 11/21/2022 | 159.9 JES | 002-800028700260794 | 11/21/2022 | 11/21/2022 | Books | ||||||
| Koleksioni i përgjithshem | UBT - Lipjan | UBT - Lipjan | 12/01/2022 | 159.9 JES | 002-800028700260908 | 12/01/2022 | 12/01/2022 | Books | ||||||
| Koleksioni i përgjithshem | UBT - Lipjan | UBT - Lipjan | 12/01/2022 | 159.9 JES | 002-800028700260909 | 12/01/2022 | 12/01/2022 | Books | ||||||
| Koleksioni i përgjithshem | UBT - Lipjan | UBT - Lipjan | 12/01/2022 | 159.9 JES | 002-800028700260910 | 12/01/2022 | 12/01/2022 | Books | ||||||
| Koleksioni i përgjithshem | UBT - Lipjan | UBT - Lipjan | 12/01/2022 | 159.9 JES | 002-800028700260911 | 12/01/2022 | 12/01/2022 | Books |